Statistics for National animals of some countries

Click here to take the quiz!

General Stats

  • This quiz has been taken 6 times
  • The average score is 8 of 19

Answer Stats

CountryAnimal% Correct
New ZealandKiwi
100%
ThailandElephant
83%
RussiaEurasian brown bear
83%
FranceGallic rooster
67%
MauritiusDodo
50%
IranPersian lion
50%
EgyptSteppe eagle
50%
ColombiaAndean condor
33%
AustriaBlack eagle
33%
TanzaniaGiraffe
33%
PanamaHarpy eagle
33%
BelgiumLion
33%
HondurasWhite tailed deer
33%
QatarArabian oryx
17%
North KoreaChollima
17%
BelarusEuropean bison
17%
RwandaLeopard
17%
RomaniaLynx
17%
LithuaniaWhite stork
17%

Score Distribution

Percentile by Number Answered

Percent of People with Each Score

Your Score History

You have not taken this quiz